Teoría y problemas de cálculo tensorial
Spremljeno u:
| Glavni autor: | |
|---|---|
| Format: | Knjiga |
| Jezik: | španjolski |
| Izdano: |
Madrid
McGraw-Hill
1990
|
| Serija: | Serie de compendios Schaum
|
| Teme: | |
| Oznake: |
Dodaj oznaku
Bez oznaka, Budi prvi tko označuje ovaj zapis!
|
MARC
| LEADER | 00000nam a2200000 a 4500 | ||
|---|---|---|---|
| 001 | UCY2318 | ||
| 003 | CL-VaPUC | ||
| 008 | 941020e19900000SP |||||||||||||||||spa|d | ||
| 082 | 0 | 4 | |a 515.63 |b KAY |2 21 |
| 100 | |a Kay, David C |e author |9 595631 | ||
| 245 | 1 | 0 | |a Teoría y problemas de cálculo tensorial |
| 300 | |a 267 p | ||
| 942 | |c BK | ||
| 945 | |d 19941020 00:00:00 |a mfernand | ||
| 260 | |a Madrid |b McGraw-Hill |c 1990 | ||
| 650 | 7 | |a CALCULO DE TENSORES PROBLEMAS, EJERCICIOS, ETC |2 CL-VaPUC |9 260467 | |
| 583 | |a last modification |c 19941020 00:00:00 |k Rodrigo Vera | ||
| 490 | 0 | |a Serie de compendios Schaum | |
| 999 | |c 230760 |d 230758 | ||
| 952 | |0 0 |1 0 |4 0 |6 515_630000000000000_KAY_1990 |7 0 |8 A |9 233275 |a BIBCUR |b BIBCUR |d 2019-11-15 |i 3030261 |l 7 |m 1 |o 515.63 KAY 1990 |p 3030261 |r 2025-04-22 |s 2024-09-17 |w 2019-11-15 |y BK |k FIS | ||